000 00442nam a22001817a 4500
003 NUST - PNEC
005 20170116181139.0
008 151007b xxu||||| |||| 00| 0 eng d
020 _a0713662719
040 _cLIBRARY
082 _a623.856 HAR
100 _914540
_aHarris, Mike
245 _aCommunications at sea
_cMike Harris,
250 _a1st ed
260 _cc2003.
650 _914542
_aRadio on boats
_xMIS
942 _2ddc
_cBK
999 _c70416
_d70416